000 00296nam a22001337a 4500
008 170419b xxu||||| |||| 00| 0 eng d
020 _a9781555811938
041 _aeng
080 _a579
100 _a11
101 _aSHM
245 _aMICROBIOLOGY A CHNRONOLOGY
_cBECK.R.W
942 _2udc
_cBK
999 _c11149
_d11149